Online katalóg knižníc regiónu Turca

Oklamaná (Record no. 20907)

MARC details
000 -LEADER
fixed length control field 01541nam a2200457 a 4500
001 - CONTROL NUMBER
control field 20907
003 - CONTROL NUMBER IDENTIFIER
control field VRT
005 - DATE AND TIME OF LATEST TRANSACTION
control field 20260206152510.0
008 - FIXED-LENGTH DATA ELEMENTS--GENERAL INFORMATION
fixed length control field 190102s1972 xo 000 slo
015 ## - NATIONAL BIBLIOGRAPHY NUMBER
National bibliography number SKSNBA1972/09-02416
035 ## - SYSTEM CONTROL NUMBER
System control number SK01SNK19720041132
035 ## - SYSTEM CONTROL NUMBER
System control number SKM000043595
039 #9 - LEVEL OF BIBLIOGRAPHIC CONTROL AND CODING DETAIL [OBSOLETE]
Level of rules in bibliographic description 202102021605
Level of effort used to assign nonsubject heading access points AUTHORITY
Level of effort used to assign subject headings 202101111501
Level of effort used to assign classification AUTHORITY
Level of effort used to assign subject headings 202101111454
Level of effort used to assign classification AUTHORITY
Level of effort used to assign subject headings 202101111434
Level of effort used to assign classification AUTHORITY
040 ## - CATALOGING SOURCE
Original cataloging agency SNK
Language of cataloging slo
Transcribing agency SNK
Description conventions AACR2
041 1# - LANGUAGE CODE
Language code of text/sound track or separate title slo
Language code of original ger
044 ## - COUNTRY OF PUBLISHING/PRODUCING ENTITY CODE
MARC country code xo
ISO country code SK
080 ## - UNIVERSAL DECIMAL CLASSIFICATION NUMBER
Universal Decimal Classification number 830-3
Edition identifier 1981
100 1# - MAIN ENTRY--PERSONAL NAME
Personal name Mann, Thomas,
Dates associated with a name 1875-1955
Relationship aut
240 14 - UNIFORM TITLE
Uniform title Die Betrogene
Language of a work Slovensky
245 10 - TITLE STATEMENT
Title Oklamaná
Statement of responsibility, etc. Thomas Mann ; z nem. orig. prel. a doslov nap. Nora Krausová ; ilustr. František Šesták
260 ## - PUBLICATION, DISTRIBUTION, ETC.
Place of publication, distribution, etc. Bratislava
Name of publisher, distributor, etc. Smena
Date of publication, distribution, etc. 1972
Place of manufacture Žilina
Manufacturer Pravda
300 ## - PHYSICAL DESCRIPTION
Extent 157, [3] s.
Dimensions
490 1# - SERIES STATEMENT
Series statement Eva
Volume/sequential designation zv. 22
500 ## - GENERAL NOTE
General note Frontispice
563 ## - BINDING INFORMATION
Binding note 10000 výtl.
650 07 - SUBJECT ADDED ENTRY--TOPICAL TERM
Topical term or geographic name entry element nemecké novely
655 #7 - INDEX TERM--GENRE/FORM
Genre/form data or focus term umelecká literatúra
Source of term SNKPH
700 1# - ADDED ENTRY--PERSONAL NAME
Personal name Krausová, Nora,
Dates associated with a name 1920-2009
Relationship trl
-- aui
700 1# - ADDED ENTRY--PERSONAL NAME
Personal name Šesták, František,
Dates associated with a name 1935-2004
Relationship ill
730 ## - ADDED ENTRY--UNIFORM TITLE
Uniform title Die Betrogene
830 #0 - SERIES ADDED ENTRY--UNIFORM TITLE
Uniform title Eva
910 ## - USER-OPTION DATA (OCLC)
User-option data kis3gmm
910 ## - USER-OPTION DATA (OCLC)
User-option data totk
910 ## - USER-OPTION DATA (OCLC)
User-option data bpksh
942 ## - ADDED ENTRY ELEMENTS (KOHA)
Source of classification or shelving scheme Dewey Decimal Classification
Koha item type Krásna literatúra pre dospelých
Suppress in OPAC No
949 ## - LOCAL PROCESSING INFORMATION (OCLC)
6 3869A11867
a bpksh821.112.2-3
b bpksh65167
949 ## - LOCAL PROCESSING INFORMATION (OCLC)
6 270001000577203
a svkbbS 29625
b svkbbm 260100
949 ## - LOCAL PROCESSING INFORMATION (OCLC)
6 270001000577204
a svkbbS 29624
b svkbbm 261588
Holdings
Stav vyradenia Strata Poškodenie Spôsob nadobudnutia Domovská knižnica Aktuálna knižnica Dátum nadobudnutia Total checkouts Čiarový kód exemplára Date last seen Typ exemplára
      Dar Obecná knižnica Horná Štubňa Obecná knižnica Horná Štubňa 06.02.2026   4736201063 06.02.2026 Krásna literatúra pre dospelých
Projekt je podporený Slovenskou asociáciou knižníc
Prevádzkuje Turčianska knižnica Martin 2026